005760000a220016900045007000024000007000025000247000022000497000027000717000025000987000020001231110111001432450086002540440019003403000011003590410013003702600023003831 aChu, Hsing WeirEd.1 aHong, Seong MinrEd.1 aSaito, NobuorEd.1 aSánchez, BelkisrEd.1 aSavoie, MichaelrEd.1 aZinn, DalerEd.2 aInternational Conference on Computing, Communication and Control Technologies, 3lAustinfjuly 24-27, 200510a3rd international conference on computing, communication and control technologies aEstados Unidos aCD-ROM0 aInglés aAustinbIIISc2005